Hall of Fame Catchers - Statistics

General Stats
  • This quiz has been taken 32 times
  • The average score is 10 of 18
Answer Stats
Years Active Teams Answer % Correct
1967 - 1983 Cincinnati Reds Johnny Bench
100%
1946 - 1965 New York Yankees, New York Mets Yogi Berra
97%
1991 - 2011 Texas Rangers, Florida Marlins, Detroit Tigers, New York Yankees, Houston Astros, Washington Nationals Ivan Rodriguez
93%
1969 - 1993 Boston Red Sox, Chicago White Sox Carlton Fisk
79%
1974 - 1992 Montreal Expos, New York Mets, San Francisco Giants, Los Angeles Dodgers Gary Carter
79%
2004 - 2018 Minnesota Twins Joe Mauer
79%
1948 - 1957 Brooklyn Dodgers Roy Campanella
79%
1992 - 2007 Los Angeles Dodgers, Florida Marlins, New York Mets, San Diego Padres, Oakland Athletics Mike Piazza
76%
1925 - 1937 Philadelphia Athletics, Detroit Tigers Mickey Cochrane
62%
1928 - 1946 New York Yankees Bill Dickey
59%
1968 - 1988 St. Louis Cardinals, Milwaukee Brewers, Atlanta Braves Ted Simmons
52%
1922 - 1941 Chicago Cubs, New York Giants Gabby Hartnett
41%
1930, 1933 - 1940, 1942 - 1946 Memphis Red Sox, Pittsburgh Crawfords, Homestead Grays Josh Gibson
41%
1931 - 1947 Brooklyn Robins, Cincinnati Reds, Boston Braves, New York Giants Ernie Lombardi
31%
1912 - 1929 Chicago White Sox, New York Giants Ray Schalk
17%
1897, 1900 - 1915 Washington Senators, Chicago Orphans, Baltimore Orioles, New York Giants, St. Louis Cardinals, Chicago Cubs Roger Bresnahan
14%
1880 - 1897 Troy Trojans, New York Gothams, New York Giants, Cleveland Spiders, Cincinnati Reds Buck Ewing
7%
1929 - 1947 St. Louis Browns, Boston Red Sox, Washington Senators Rick Ferrell
7%
No matching quizzes found
Score Distribution
Percent of People with Each Score
Percentile by Number Answered
Your Score History
You have not taken this quiz